Ganadores Recopa de Europa - Estadísticas

Estadísticas generales
  • Esta prueba ha sido intentada 71 veces
  • La puntuación promedio es 21 de 39
Estadísticas de respuestas
Año Ganador % Correcto
1979 FC Barcelona
100%
1989 FC Barcelona
100%
1997 FC Barcelona
100%
1968 AC Milan
91%
1973 AC Milan
91%
1994 Arsenal
86%
1962 Atlético de Madrid
86%
1995 Real Zaragoza
86%
1984 Juventus
84%
1971 Chelsea
79%
1998 Chelsea
79%
1967 Bayern de Múnich
77%
1987 Ajax
75%
1991 Manchester United
75%
1996 Paris Saint Germain
73%
1999 Lazio
71%
1966 Borussia Dortmund
63%
1980 Valencia
63%
1970 Manchester City
61%
1993 Parma FC
59%
1963 Tottenham Hotspur
52%
1964 Sporting de Lisboa
41%
1976 Anderlecht
39%
1978 Anderlecht
39%
1977 Hamburgo
39%
1961 Fiorentina
38%
1990 Sampdoria
38%
1972 Rangers
36%
1985 Everton
30%
1975 Dinamo de Kiev
29%
1986 Dinamo de Kiev
29%
1983 Aberdeen FC
25%
1965 West Ham
25%
1974 FC Magdeburgo
9%
1969 Slovan Bratislava
7%
1992 Werder Bremen
7%
1981 Dinamo Tbilisi
5%
1982 FC Barcelona
0%
1988 KV Malinas
0%
No se encontraron pruebas coincidentes
Distribución de puntuación
Porcentaje de gente con cada puntuación
Porcentaje por número respondido
Historial de tus puntuaciones
No has intentado esta prueba.